| 000 | 00698nam a2200241 4500 | ||
|---|---|---|---|
| 003 | MX-MxINE | ||
| 005 | 20260601171013.0 | ||
| 008 | 260504b1993\\\\si\a||||\||||\00|\0\eng\d | ||
| 020 | _a0500202648 | ||
| 040 |
_aICI _bspa _cICI _erda |
||
| 041 | _aeng | ||
| 050 |
_aN7401 _bC37 |
||
| 100 |
_aCaruana, Wally, _eautor _eautor _933456 |
||
| 245 | 1 |
_aAboriginal art / _cWally Caruana |
|
| 264 |
_aNew York : _bThames and Hudson, _c1993 |
||
| 300 |
_a216 páginas : _bhojas (algunas a color), mapas ; |
||
| 336 |
_2rdacontent _atexto |
||
| 337 |
_2rdamedia _asin medio |
||
| 338 |
_2rdacarrier _avolumen |
||
| 490 | _aWorld of art | ||
| 650 |
_aArte aborigen australiano _933457 |
||
| 942 |
_2lcc _n1 _cB |
||
| 999 |
_c20586 _d20586 |
||